00453nam a2200121Ia 4500008004100000024005600041082001700097100008400114245004100198260002500239600003400264650003300298250506s9999 xx 000 0 und d a07A-025-TE, 07A-015-TE, 07A-006-TE & 07A-037-TE a643.6072 FAR aMyhammad Ali Saeed Faridi, Akhtar Saeed, Hamid Khan & Muhammad Danisgh Siddiqui 0aIP Based Home Automation Using Wi-Fi aKarachi:bUIT,c2007 aTelecommunication Engineering aBachelor of Engineering (BE)